[Event "Champ FRA - Under 12"]
[Site "Europe Echecs"]
[Date "2020.07.08"]
[Round "7"]
[White "KassabChadi"]
[Black "TureshbayevAno"]
[Result "1-0"]
[WhiteElo "1659"]
[BlackElo "799"]
[PlyCount "49"]
[EventDate "2020.??.??"]

1. e4 e5 2. Nf3 Nc6 3. Bc4 Nf6 4. d3 Be7 5. Nc3 O-O 6. Be3 d6 7. Qd2 Bg4 8. h3
Bxf3 9. gxf3 a6 10. Rg1 g6 11. Bh6 Re8 12. Ne2 b5 13. Bb3 a5 14. a4 b4 15. f4
Nh5 16. fxe5 Nxe5 17. Qe3 Qb8 18. Nf4 Nxf4 19. Qxf4 Qb6 20. O-O-O Qb8 21. d4
Bf8 22. dxe5 dxe5 23. Bxf7+ Kh8 24. Qf6+ Bg7 25. Bxg7# {TureshbayevAno est
échec et mat} 1-0

[Event "Champ FRA - Under 12"]
[Site "Europe Echecs"]
[Date "2020.07.08"]
[Round "7"]
[White "FolioThomas"]
[Black "PerrouinAlexia"]
[Result "0-1"]
[WhiteElo "1364"]
[BlackElo "1530"]
[PlyCount "130"]
[EventDate "2020.??.??"]

1. e4 e5 2. Nf3 Nc6 3. Bc4 Bc5 4. b4 Bxb4 5. c3 Ba5 6. d4 d6 7. dxe5 Nxe5 8.
Nxe5 dxe5 9. Bxf7+ Ke7 10. Ba3+ c5 11. Bxc5+ Kxf7 12. Qxd8 Bxd8 13. O-O Be7 14.
Bxe7 Nxe7 15. f4 exf4 16. Rxf4+ Kg6 17. Nd2 Be6 18. Nf3 h6 19. Ne5+ Kh7 20. Rd1
Rhf8 21. Rh4 Rad8 22. Re1 Ng6 23. Rh5 Nxe5 24. Rxe5 Bxa2 25. Re7 Rf7 26. Re5
Rdf8 27. Ra5 Bc4 28. Raa1 a6 29. h3 Re7 30. Ra4 Bb5 31. Rd4 Rfe8 32. Kf2 Kg6
33. g4 Rc8 34. Re3 Rec7 35. Rd6+ Kf7 36. Rf3+ Ke7 37. Rg6 Rxc3 38. Rxg7+ Ke6
39. Rxb7 Rxf3+ 40. Kxf3 Rc3+ 41. Kf4 Rxh3 42. Rb6+ Kf7 43. e5 Rh1 44. e6+ Kf6
45. Ke4 Re1+ 46. Kd5 Rg1 47. Kd6 Rd1+ 48. Kc5 Rc1+ 49. Kb4 Rc4+ 50. Kb3 Rxg4
51. e7+ Kxe7 52. Rxh6 Kd7 53. Kc3 Kc7 54. Kb3 Bc6 55. Kc3 Kb6 56. Rd6 Kc5 57.
Rd3 a5 58. Kb3 Bd5+ 59. Ka3 Rg2 60. Ka4 Ra2+ 61. Ra3 Bc6+ 62. Kb3 Bd5+ 63. Ka4
Rb2 64. Kxa5 Rb8 65. Rc3+ Bc4 {FolioThomas a abandonné} 0-1

[Event "Champ FRA - Under 12"]
[Site "Europe Echecs"]
[Date "2020.07.08"]
[Round "7"]
[White "ReymannNathan"]
[Black "ArousstamianAl"]
[Result "0-1"]
[WhiteElo "1330"]
[BlackElo "1510"]
[PlyCount "58"]
[EventDate "2020.??.??"]

1. e4 e5 2. Nf3 Nc6 3. Bb5 a6 4. Ba4 Nf6 5. O-O Be7 6. Re1 b5 7. Bb3 O-O 8. c3
d5 9. exd5 Nxd5 10. Nxe5 Nxe5 11. Rxe5 c6 12. d3 Bd6 13. Re1 Qh4 14. g3 Qh3 15.
Qf3 Bg4 16. Qg2 Qh5 17. Nd2 f5 18. Bxd5+ cxd5 19. Qxd5+ Kh8 20. Qxd6 f4 21. Qe5
Qh3 22. Qe4 f3 23. Nxf3 Bxf3 24. Qxf3 Rxf3 25. Bf4 h5 26. Re4 Rxd3 27. Rae1
Rad8 28. Bg5 R8d7 29. Re8+ Kh7 {ReymannNathan a abandonné} 0-1

[Event "Champ FRA - Under 12"]
[Site "Europe Echecs"]
[Date "2020.07.08"]
[Round "7"]
[White "LorhoJade"]
[Black "VuDinhAdrien"]
[Result "0-1"]
[WhiteElo "1335"]
[BlackElo "1740"]
[PlyCount "132"]
[EventDate "2020.??.??"]

1. e4 e5 2. Nf3 Nc6 3. Bc4 Nf6 4. d3 Bc5 5. Nc3 O-O 6. a3 a6 7. b4 Ba7 8. Bg5
h6 9. Bh4 d6 10. Nd5 g5 11. Bg3 Bg4 12. c3 Nxd5 13. Bxd5 Qf6 14. h3 Bh5 15. h4
Bxf3 16. gxf3 Ne7 17. hxg5 hxg5 18. Rg1 Nxd5 19. exd5 Rae8 20. Bh4 Kh7 21. Bxg5
Qg6 22. Rh1+ Kg8 23. Rg1 Kh7 24. Kd2 Bxf2 25. Rg4 f5 26. Qh1+ Kg8 27. Rg2 Kf7
28. Bh6 Bg3 29. Bxf8 Rxf8 30. Rag1 f4 31. Qh3 Ke7 32. Rh1 Kd8 33. Qh6 Qg8 34.
Rh5 Kc8 35. Qe6+ Qxe6 36. dxe6 Rg8 37. e7 Kd7 38. Rh7 Be1+ 39. Kxe1 Rxg2 40.
e8=Q+ Kxe8 41. Rxc7 Ra2 42. Rxb7 Rxa3 43. Kd2 Ra2+ 44. Ke1 Ra1+ 45. Kd2 Ra2+
46. Kc1 Rf2 47. Rb6 Kd7 48. Rxa6 Rxf3 49. Kc2 Rf2+ 50. Kb3 f3 51. Ra1 Rd2 52.
Kc4 f2 53. b5 Kc7 54. d4 e4 55. Kd5 e3 56. b6+ Kb7 57. Kxd6 e2 58. c4 f1=Q 59.
c5 Qxa1 60. c6+ Kxb6 61. d5 Qd4 62. c7 Qxd5+ 63. Ke7 e1=Q+ 64. Kf8 Qf3+ 65. Kg7
Rg2+ 66. Kh6 Qh1# {LorhoJade est échec et mat} 0-1

[Event "Champ FRA - Under 12"]
[Site "Europe Echecs"]
[Date "2020.07.08"]
[Round "7"]
[White "PoulainEmilien"]
[Black "BreuilVirgile"]
[Result "1-0"]
[WhiteElo "1322"]
[BlackElo "1622"]
[PlyCount "135"]
[EventDate "2020.??.??"]

1. d4 d5 2. Nf3 Nf6 3. e3 e6 4. c4 c5 5. cxd5 exd5 6. Nc3 Nc6 7. Bb5 Be7 8.
Bxc6+ bxc6 9. b3 O-O 10. O-O cxd4 11. Qxd4 c5 12. Qd3 Bb7 13. Rd1 Qc7 14. Bb2
Rad8 15. Qe2 Rfe8 16. Rac1 Bd6 17. Nb5 Qe7 18. Nxd6 Qxd6 19. Qb5 Ba6 20. Qxc5
Ne4 21. Qxd6 Rxd6 22. Ba3 Rg6 23. Rc2 d4 24. Rxd4 h6 25. Ra4 Bd3 26. Rc1 a6 27.
Ra5 Be2 28. Nd4 Bd3 29. Rd1 Bb5 30. Nxb5 axb5 31. Bb2 b4 32. Rb5 Ng5 33. Rxb4
Rc8 34. Rc4 Rgc6 35. Rxc6 Rxc6 36. Rd2 Ne4 37. Re2 Rd6 38. h3 Rd1+ 39. Kh2 f6
40. f3 Ng5 41. e4 Kf7 42. a4 Ne6 43. Rc2 Nf4 44. Kg3 Nh5+ 45. Kg4 Kg6 46. f4
Nxf4 47. Kxf4 Rd3 48. b4 Rb3 49. b5 Rb4 50. Bc3 Rxa4 51. Rb2 f5 52. Rb4 Ra8 53.
exf5+ Kf7 54. b6 Rc8 55. b7 Rb8 56. Be5 Re8 57. b8=Q Rxb8 58. Rxb8 g5+ 59. Ke4
h5 60. f6 h4 61. Kf5 g4 62. Kxg4 Kg6 63. Kf4 Kf7 64. Rb7+ Kg6 65. f7 Kh5 66.
Kf5 Kh6 67. f8=Q+ Kh5 68. Qh8# {BreuilVirgile est échec et mat} 1-0

[Event "Champ FRA - Under 12"]
[Site "Europe Echecs"]
[Date "2020.07.08"]
[Round "7"]
[White "RobinLucien"]
[Black "NoerdingerLeo"]
[Result "0-1"]
[WhiteElo "1265"]
[BlackElo "1605"]
[PlyCount "72"]
[EventDate "2020.??.??"]

1. e4 e6 2. d4 d5 3. e5 c5 4. c3 Nc6 5. Nf3 Nh6 6. a3 Bd7 7. b4 cxd4 8. cxd4
Nf5 9. Bb2 Qb6 10. Be2 Be7 11. O-O Rc8 12. h3 O-O 13. Bd3 Kh8 14. Bxf5 exf5 15.
Nc3 Be6 16. Na4 Qd8 17. Rc1 h6 18. Qd3 g5 19. Nc5 Bxc5 20. dxc5 Qe7 21. Nd4
Nxd4 22. Qxd4 Rg8 23. Qe3 f4 24. Qd2 g4 25. hxg4 Rxg4 26. f3 Rh4 27. Kf2 Rg8
28. Rh1 Qg5 29. Rxh4 Qxh4+ 30. Kf1 Qh1+ 31. Ke2 Rxg2+ 32. Kd3 Rxd2+ 33. Kxd2
Qxf3 34. b5 Qe3+ 35. Kd1 f3 36. c6 Qe2# {RobinLucien est échec et mat} 0-1

[Event "Champ FRA - Under 12"]
[Site "Europe Echecs"]
[Date "2020.07.08"]
[Round "7"]
[White "FrelauMatthias"]
[Black "GreisslerRapha"]
[Result "1-0"]
[WhiteElo "1592"]
[BlackElo "1285"]
[PlyCount "45"]
[EventDate "2020.??.??"]

1. d4 d5 2. Nf3 Nf6 3. Bf4 e6 4. e3 Nbd7 5. Bd3 c5 6. c3 b6 7. Bg3 Bb7 8. Ne5
Bd6 9. Nxf7 Kxf7 10. Bxd6 Nf8 11. Bg3 Ng6 12. Nd2 Rf8 13. Nf3 Kg8 14. Bxg6 hxg6
15. h4 Nh5 16. Bh2 Qf6 17. Be5 Qf5 18. Qe2 c4 19. Nd2 Qc2 20. Nf3 Qe4 21. O-O
Nf4 22. Bxf4 Rxf4 23. Ng5 {GreisslerRapha a abandonné} 1-0

[Event "Champ FRA - Under 12"]
[Site "Europe Echecs"]
[Date "2020.07.08"]
[Round "7"]
[White "YuMatthieu"]
[Black "EugeneNathael"]
[Result "0-1"]
[WhiteElo "1250"]
[BlackElo "1508"]
[PlyCount "62"]
[EventDate "2020.??.??"]

1. d4 Nf6 2. c4 g6 3. Nf3 Bg7 4. Bf4 O-O 5. Nc3 d6 6. e4 Na6 7. a3 c6 8. h3 Re8
9. Be2 Bd7 10. e5 dxe5 11. dxe5 Nh5 12. Bh2 Be6 13. Nd2 Nc5 14. Bxh5 Nd3+ 15.
Kf1 gxh5 16. Qxh5 Nxb2 17. Qe2 Qd3 18. Qxd3 Nxd3 19. Ke2 Nxe5 20. Bxe5 Bxe5 21.
Nf3 Bxc3 22. Rac1 Bg7 23. g4 Red8 24. Rhg1 Rd7 25. Rg3 Rad8 26. g5 Bf5 27. Nh4
Bg6 28. f4 Rd2+ 29. Ke1 Bh5 30. Rcc3 Re2+ 31. Kf1 Rd1# {YuMatthieu est échec
et mat} 0-1

[Event "Champ FRA - Under 12"]
[Site "Europe Echecs"]
[Date "2020.07.08"]
[Round "7"]
[White "RaykoAlexis"]
[Black "TouillerThibau"]
[Result "1-0"]
[WhiteElo "1214"]
[BlackElo "1504"]
[PlyCount "87"]
[EventDate "2020.??.??"]

1. e4 e6 2. d4 d5 3. exd5 exd5 4. Bd3 Nc6 5. c3 Bd6 6. h3 Nge7 7. Nf3 Be6 8.
O-O Qd7 9. Ng5 O-O-O 10. Nxe6 Qxe6 11. Re1 Qd7 12. Be3 f6 13. Na3 g5 14. Nb5 h5
15. Nxd6+ Qxd6 16. Qd2 g4 17. Bf4 Qd7 18. h4 Rhg8 19. g3 Ng6 20. Re2 Nxf4 21.
Qxf4 Qd6 22. Bf5+ Kb8 23. Qxd6 Rxd6 24. Rae1 Rgd8 25. Bg6 Rh8 26. Re8+ Rd8 27.
Rxh8 Rxh8 28. Bxh5 f5 29. Bg6 Rf8 30. Bxf5 a6 31. Bxg4 Na5 32. b3 b6 33. Bd7 c5
34. dxc5 bxc5 35. Re8+ Rxe8 36. Bxe8 d4 37. cxd4 cxd4 38. Kf1 d3 39. Ke1 Nb7
40. h5 Nc5 41. Kd2 a5 42. h6 Ne4+ 43. Kxd3 Nf6 44. Bg6 {TouillerThibau a
abandonné} 1-0

[Event "Champ FRA - Under 12"]
[Site "Europe Echecs"]
[Date "2020.07.08"]
[Round "7"]
[White "CiarlettaIris"]
[Black "HorenfeldMelvi"]
[Result "1-0"]
[WhiteElo "1493"]
[BlackElo "1200"]
[PlyCount "189"]
[EventDate "2020.??.??"]

1. d4 d5 2. c4 c6 3. Nc3 Nf6 4. Bg5 e6 5. e3 Be7 6. Nf3 Nbd7 7. Qc2 dxc4 8.
Bxc4 Nd5 9. Bxe7 Qxe7 10. Bxd5 exd5 11. O-O Nf6 12. Ne2 Bg4 13. Ne5 Bh5 14. Nf4
Bg6 15. Nfxg6 hxg6 16. h3 Nd7 17. Nxd7 Kxd7 18. Qb3 Rab8 19. Qa4 a6 20. Rac1
Qg5 21. f4 Qf5 22. Qd1 Qe4 23. Qg4+ Qe6 24. Qxe6+ Kxe6 25. g4 f5 26. gxf5+ gxf5
27. Rf3 Rh4 28. Rg3 Kf6 29. Rc2 Re8 30. Rcg2 Re7 31. Rg6+ Kf7 32. Rxg7+ Ke8 33.
Rxe7+ Kxe7 34. Kh2 Rh7 35. Rg5 Kf6 36. Rg3 Re7 37. h4 Rh7 38. Kh3 b5 39. Rg1
Re7 40. Re1 Kg6 41. Kg3 Kh5 42. Kf3 Kg6 43. Rg1+ Kf6 44. h5 Rh7 45. Rg6+ Kf7
46. Rxc6 Rxh5 47. Rxa6 Rh3+ 48. Ke2 Rh2+ 49. Kd3 Rxb2 50. Ra7+ Ke6 51. Ra6+ Ke7
52. a3 b4 53. axb4 Rxb4 54. Ra7+ Ke6 55. Ra8 Rb3+ 56. Ke2 Rb2+ 57. Kf3 Rb1 58.
Re8+ Kd7 59. Re5 Rf1+ 60. Ke2 Rh1 61. Rxf5 Rh2+ 62. Kd3 Ke6 63. Re5+ Kd6 64.
Rg5 Rh6 65. f5 Ke7 66. f6+ Rxf6 67. Rxd5 Kf7 68. Re5 Ra6 69. Ke4 Rh6 70. Rf5+
Ke7 71. d5 Kd6 72. Kd4 Rh4+ 73. e4 Rh1 74. e5+ Kd7 75. Rf4 Rd1+ 76. Kc5 Rc1+
77. Rc4 Re1 78. e6+ Ke7 79. Kc6 Rd1 80. Rc5 Rd2 81. Kc7 Ra2 82. Rb5 Rc2+ 83.
Kb6 Rd2 84. Kc5 Rc2+ 85. Kd4 Rd2+ 86. Ke3 Rc2 87. Rb7+ Kd6 88. Rd7+ Kc5 89. e7
Rc3+ 90. Kd2 Rf3 91. e8=Q Rf2+ 92. Ke3 Rf1 93. Qc8+ Kb4 94. Rb7+ Ka3 95. Qa8# {
HorenfeldMelvi est échec et mat} 1-0

[Event "Champ FRA - Under 12"]
[Site "Europe Echecs"]
[Date "2020.07.08"]
[Round "7"]
[White "ManukyanVahan"]
[Black "LeNeindreYael"]
[Result "0-1"]
[WhiteElo "1480"]
[BlackElo "1258"]
[PlyCount "96"]
[EventDate "2020.??.??"]

1. e4 e5 2. Nf3 Nf6 3. Nxe5 d6 4. Nf3 Nxe4 5. d4 d5 6. Bd3 Bd6 7. O-O O-O 8.
Re1 Re8 9. Nc3 Nxc3 10. Rxe8+ Qxe8 11. bxc3 Nc6 12. Ng5 h6 13. Nf3 Bg4 14. Qe2
Qxe2 15. Bxe2 Re8 16. Bd3 g5 17. Bd2 Bxf3 18. gxf3 Kg7 19. Re1 Rf8 20. h4 gxh4
21. Kg2 Ne7 22. Kh3 Ng6 23. Rg1 a6 24. c4 dxc4 25. Bxc4 Kh7 26. Bd3 b5 27. c4
bxc4 28. Bxc4 a5 29. Bd3 a4 30. Bc2 a3 31. Rb1 f5 32. Rb3 Rf6 33. Bc1 Kg7 34.
Bxa3 Nf4+ 35. Kxh4 Ng2+ 36. Kh3 Nf4+ 37. Kh2 Ne2+ 38. Bxd6 Rxd6 39. Rb7 Nxd4
40. Rxc7+ Kg6 41. Bb3 Nxf3+ 42. Kg3 Nd4 43. Bc4 Ne6 44. Bxe6 Rxe6 45. Rc8 Ra6
46. Rc2 Kg5 47. f4+ Kh5 48. Rh2+ Kg6 {ManukyanVahan a perdu au temps} 0-1

[Event "Champ FRA - Under 12"]
[Site "Europe Echecs"]
[Date "2020.07.08"]
[Round "7"]
[White "PogodallaVicto"]
[Black "DoucetPierreAl"]
[Result "1-0"]
[WhiteElo "1458"]
[BlackElo "1177"]
[PlyCount "121"]
[EventDate "2020.??.??"]

1. d4 Nf6 2. c4 b6 3. Nc3 Bb7 4. Bf4 e6 5. e3 Bb4 6. Nf3 Ne4 7. Qc2 O-O 8. Bd3
d5 9. O-O f5 10. Nb5 Na6 11. a3 Bd6 12. Nxd6 cxd6 13. cxd5 exd5 14. Qb3 h6 15.
Bxa6 Bxa6 16. Qxd5+ Kh8 17. Rfc1 g5 18. Bg3 Rb8 19. Rc2 Bb7 20. Qb3 Nxg3 21.
hxg3 Be4 22. Rc3 Qf6 23. Rac1 Ra8 24. Rc7 g4 25. Nd2 h5 26. Rd7 d5 27. Rcc7 Kg8
28. Qb4 Rfc8 29. Rb7 h4 30. gxh4 Rc1+ 31. Nf1 Bd3 32. Rg7+ Qxg7 33. Rxg7+ Kxg7
34. Qe7+ Kg6 35. Qe6+ Kh5 36. Qf7+ Kh6 37. Qf6+ Kh7 38. Qf7+ Kh6 39. Qf6+ Kh7
40. Qf7+ Kh8 41. Qf6+ Kg8 42. Qe6+ Kf8 43. Qf6+ Ke8 44. Qh8+ Ke7 45. Qxa8 Rxf1+
46. Kh2 Rb1 47. Qb7+ Ke6 48. Qc8+ Kf6 49. Qd8+ Kg6 50. Qd6+ Kf7 51. Qxd5+ Kf6
52. Qd6+ Kg7 53. Qe7+ Kg8 54. Qe8+ Kg7 55. Qe7+ Kg6 56. Qe6+ Kg7 57. Qd7+ Kf6
58. d5 Rxb2 59. Qd8+ Ke5 60. Qh8+ Kxd5 61. Qxb2 {DoucetPierreAl a abandonné}
1-0

[Event "Champ FRA - Under 12"]
[Site "Europe Echecs"]
[Date "2020.07.08"]
[Round "7"]
[White "LamarreArmand"]
[Black "GuillouPaul"]
[Result "0-1"]
[WhiteElo "1449"]
[BlackElo "1157"]
[PlyCount "90"]
[EventDate "2020.??.??"]

1. e4 c5 2. Nf3 Nc6 3. Bc4 e6 4. O-O d5 5. exd5 exd5 6. Re1+ Be7 7. Bb5 Bd7 8.
d4 c4 9. Nc3 a6 10. Bxc6 Bxc6 11. Bf4 Nf6 12. Qe2 Nh5 13. Bg5 f6 14. Bh4 Kf7
15. Nd2 Nf4 16. Qe3 Ng6 17. Bg3 Re8 18. Qe6+ Kf8 19. Nf3 Bd7 20. Qxd5 Qc8 21.
Bd6 Bxd6 22. Qxd6+ Kg8 23. Rxe8+ Qxe8 24. Re1 Qf7 25. Qd5 Qxd5 26. Nxd5 Rd8 27.
Ne7+ Nxe7 28. Rxe7 Kf8 29. Re2 Bg4 30. c3 Rd6 31. Re3 Bxf3 32. Rxf3 Rb6 33. b4
cxb3 34. axb3 Rxb3 35. g3 a5 36. Kg2 a4 37. Rd3 a3 38. Rd1 Rxc3 39. Kf1 a2 40.
Ra1 Rc2 41. h4 Rb2 42. Kg2 b5 43. Kf3 b4 44. Ke3 b3 45. f3 Rb1 {LamarreArmand
a abandonné} 0-1

[Event "Champ FRA - Under 12"]
[Site "Europe Echecs"]
[Date "2020.07.08"]
[Round "7"]
[White "NegreEmilie"]
[Black "BertLisa"]
[Result "1-0"]
[WhiteElo "1438"]
[BlackElo "1133"]
[PlyCount "49"]
[EventDate "2020.??.??"]

1. d4 d5 2. c4 dxc4 3. e3 Nc6 4. Bxc4 Nf6 5. Nf3 Bf5 6. Nc3 e6 7. a3 Bd6 8. O-O
O-O 9. Re1 Ne4 10. Nxe4 Bxe4 11. Nd2 Bd5 12. Bd3 Qg5 13. e4 Qh6 14. Nf3 Qf6 15.
exd5 exd5 16. Bg5 Bxh2+ 17. Kxh2 Qd6+ 18. Kg1 h6 19. Bh4 Rfe8 20. Bg3 Qf6 21.
Qd2 Rxe1+ 22. Rxe1 Nxd4 23. Nxd4 Qxd4 24. Bh7+ Kxh7 25. Qxd4 {BertLisa a
abandonné} 1-0

[Event "Champ FRA - Under 12"]
[Site "Europe Echecs"]
[Date "2020.07.08"]
[Round "7"]
[White "BOUMRARAyrad"]
[Black "LombartRemi"]
[Result "1-0"]
[WhiteElo "1431"]
[BlackElo "1100"]
[PlyCount "121"]
[EventDate "2020.??.??"]

1. d4 c6 2. c4 d5 3. Nf3 Bg4 4. Ne5 Bf5 5. Qb3 Qb6 6. c5 Qxb3 7. axb3 f6 8. Nf3
Nd7 9. b4 e5 10. Nc3 Bg4 11. e3 Bxf3 12. gxf3 Nh6 13. b5 Nf5 14. Bd3 exd4 15.
Bxf5 dxc3 16. bxc6 Nxc5 17. cxb7 Nxb7 18. bxc3 Be7 19. Be6 Nc5 20. Bxd5 Rd8 21.
Bc4 Rc8 22. Bb5+ Kf8 23. Bd2 Nb3 24. Rxa7 Nxd2 25. Kxd2 Rd8+ 26. Rd7 Kf7 27.
Kc2 Rxd7 28. Bxd7 Rd8 29. Bb5 Rc8 30. Rd1 Bb4 31. c4 Bc5 32. f4 g5 33. f5 Ba7
34. Rd7+ Kf8 35. Rxa7 Rc5 36. Rxh7 Rxf5 37. Kd3 Rxf2 38. c5 Rf5 39. Rc7 Rd5+
40. Ke4 Re5+ 41. Kf3 Rf5+ 42. Kg4 Rf2 43. h3 Rg2+ 44. Kf3 Rb2 45. Bd3 Rb3 46.
Bf5 Ke8 47. c6 Rb5 48. e4 Rb3+ 49. Kg4 Rb1 50. Rc8+ Kf7 51. c7 Rg1+ 52. Kh5 Rc1
53. Rh8 Ke7 54. c8=Q Rxc8 55. Rxc8 Kf7 56. Rc7+ Ke8 57. Kg6 g4 58. hxg4 Kf8 59.
Kxf6 Ke8 60. Be6 Kd8 61. Rc8# {LombartRemi est échec et mat} 1-0

[Event "Champ FRA - Under 12"]
[Site "Europe Echecs"]
[Date "2020.07.08"]
[Round "7"]
[White "BaudouinMoise"]
[Black "GhazaryanGor"]
[Result "1-0"]
[WhiteElo "1135"]
[BlackElo "1431"]
[PlyCount "65"]
[EventDate "2020.??.??"]

1. c4 Nf6 2. g3 e5 3. Bg2 c5 4. e3 Nc6 5. Ne2 Be7 6. O-O d6 7. d4 exd4 8. exd4
cxd4 9. Nxd4 Qb6 10. Be3 Ng4 11. Nxc6 Nxe3 12. fxe3 bxc6 13. Qf3 Bb7 14. Qxf7+
Kd7 15. Bh3+ Kd8 16. Qxg7 Qxe3+ 17. Kh1 c5+ 18. Bg2 Bxg2+ 19. Kxg2 Qe4+ 20. Kh3
Qe6+ 21. Qg4 Qh6+ 22. Kg2 Rf8 23. Rxf8+ Qxf8 24. Nc3 Rb8 25. b3 Bf6 26. Qf3 Qh6
27. Rd1 Kc7 28. Nd5+ Kc6 29. Nxf6+ Kb6 30. Rxd6+ Ka5 31. b4+ Rxb4 32. Qa3+ Ra4
33. Qxc5# {GhazaryanGor est échec et mat} 1-0

[Event "Champ FRA - Under 12"]
[Site "Europe Echecs"]
[Date "2020.07.08"]
[Round "7"]
[White "HueberMaxime"]
[Black "AvcharovLevon"]
[Result "1-0"]
[WhiteElo "1420"]
[BlackElo "1075"]
[PlyCount "41"]
[EventDate "2020.??.??"]

1. e4 c6 2. d4 d5 3. exd5 cxd5 4. Nf3 Nc6 5. Nc3 Nf6 6. Bg5 e6 7. Bb5 a6 8.
Bxc6+ bxc6 9. O-O g6 10. Ne5 Bg7 11. Qf3 Bb7 12. Ng4 O-O 13. Bxf6 Bxf6 14.
Nxf6+ Kg7 15. Ng4 f5 16. Ne5 Rb8 17. Na4 Qc7 18. Nc5 Kf6 19. Qg3 Rbd8 20. Ng4+
fxg4 21. Qxc7 {AvcharovLevon a abandonné} 1-0

[Event "Champ FRA - Under 12"]
[Site "Europe Echecs"]
[Date "2020.07.08"]
[Round "7"]
[White "MorinRocheHugo"]
[Black "KechkekianChae"]
[Result "0-1"]
[WhiteElo "1231"]
[BlackElo "1366"]
[PlyCount "40"]
[EventDate "2020.??.??"]

1. e4 c5 2. Nf3 e6 3. d4 cxd4 4. Nxd4 a6 5. Nc3 Qc7 6. g3 Bb4 7. Bd2 Nf6 8. e5
Qxe5+ 9. Be3 Bxc3+ 10. bxc3 Nd5 11. Qe2 Nxc3 12. Qd2 Nd5 13. Bg2 Nxe3 14. fxe3
O-O 15. Kf1 Nc6 16. Nxc6 Qxa1+ 17. Ke2 Qxa2 18. Ne7+ Kh8 19. Be4 Qa3 20. Kf2
Qxe7 {MorinRocheHugo a abandonné} 0-1

[Event "Champ FRA - Under 12"]
[Site "Europe Echecs"]
[Date "2020.07.08"]
[Round "7"]
[White "ChevillonManon"]
[Black "KarushkovNguye"]
[Result "0-1"]
[WhiteElo "1356"]
[BlackElo "1013"]
[PlyCount "136"]
[EventDate "2020.??.??"]

1. e4 c5 2. Nf3 d6 3. d4 cxd4 4. Nxd4 Nf6 5. Nc3 g6 6. Be3 Bg7 7. Bc4 O-O 8. f3
Nc6 9. Bb3 Bd7 10. Qd2 Rc8 11. O-O-O Ne5 12. Kb1 Nc4 13. Qc1 Nxe3 14. Qxe3 Qa5
15. g4 Rc7 16. h4 Rfc8 17. Rdg1 Qc5 18. Qd2 Nxe4 19. Nxe4 Qxd4 20. Qxd4 Bxd4
21. Rd1 Bg7 22. h5 Bc6 23. hxg6 hxg6 24. Ng5 Rf8 25. Rh3 d5 26. Rdh1 e6 27. c3
Re7 28. R3h2 Rd8 29. Bc2 Bf6 30. Nh3 d4 31. cxd4 Bxd4 32. Rf1 Be5 33. Re2 Bg7
34. Ree1 Rd2 35. a3 Rh2 36. Nf2 Bd4 37. Nd3 Bb5 38. Rd1 Bg7 39. Rfe1 Rc7 40.
Bb3 Bxd3+ 41. Rxd3 Rxb2+ 42. Ka1 Rxb3+ 43. Ka2 Rxd3 44. a4 Rc2+ 45. Kb1 Rb2+
46. Kc1 Rdd2 47. Rf1 Rf2 48. Re1 Bh6+ 49. Kd1 Rbd2+ 50. Kc1 Rde2+ 51. Kd1 Rxe1+
52. Kxe1 Rxf3 53. Ke2 Ra3 54. Kf2 Rxa4 55. g5 Bxg5 56. Kg3 Kg7 57. Kf3 Kf6 58.
Kg3 Kf5 59. Kf3 Ra3+ 60. Ke2 Ke4 61. Kf2 a6 62. Kg2 Kf4 63. Kh2 Kg4 64. Kg2
Ra2+ 65. Kf1 Kf3 66. Ke1 Rh2 67. Kd1 Ke3 68. Ke1 Rh1# {ChevillonManon est
échec et mat} 0-1

[Event "Champ FRA - Under 12"]
[Site "Europe Echecs"]
[Date "2020.07.08"]
[Round "7"]
[White "KirakosyanEmil"]
[Black "FolioPierre"]
[Result "0-1"]
[WhiteElo "1124"]
[BlackElo "1349"]
[PlyCount "76"]
[EventDate "2020.??.??"]

1. e4 c5 2. Nf3 Nc6 3. d4 cxd4 4. Nxd4 Nf6 5. Nc3 d6 6. Bb5 Bd7 7. Be3 a6 8.
Bxc6 bxc6 9. Qd2 g6 10. O-O Bg7 11. Rfe1 O-O 12. h3 c5 13. Nf3 Bc6 14. Bh6 Rb8
15. Rab1 Qa5 16. Bxg7 Kxg7 17. a3 Qb6 18. b3 a5 19. Rbd1 Qc7 20. e5 dxe5 21.
Nxe5 Rbd8 22. Qe2 e6 23. Nxc6 Qxc6 24. Qb5 Qxb5 25. Nxb5 Nd5 26. c4 Nf6 27. a4
Nh5 28. g4 Nf4 29. Kh2 g5 30. Kg3 h6 31. h4 Kg6 32. hxg5 hxg5 33. Rxd8 Rxd8 34.
Nc7 Rd3+ 35. Re3 Rd7 36. Nb5 Rd8 37. Nc7 Rh8 38. Nb5 Rh3# {KirakosyanEmil est
échec et mat} 0-1

[Event "Champ FRA - Under 12"]
[Site "Europe Echecs"]
[Date "2020.07.08"]
[Round "7"]
[White "ScoupeLuca"]
[Black "BiardNoah"]
[Result "0-1"]
[WhiteElo "1095"]
[BlackElo "1339"]
[PlyCount "60"]
[EventDate "2020.??.??"]

1. d4 Nf6 2. c4 c5 3. d5 b5 4. cxb5 a6 5. Nc3 g6 6. e4 d6 7. Nf3 Bg7 8. Bd3 O-O
9. g3 Nbd7 10. bxa6 Bxa6 11. Kf1 Bxd3+ 12. Qxd3 Qb6 13. Rb1 Rfb8 14. b3 Ng4 15.
Na4 Qb7 16. h3 Nge5 17. Nxe5 Nxe5 18. Qc2 c4 19. f4 cxb3 20. Rxb3 Qa6+ 21. Kg2
Nc4 22. Rxb8+ Rxb8 23. Rd1 Bb2 24. Bxb2 Rxb2 25. Nxb2 Ne3+ 26. Kf2 Nxc2 27. Rc1
Nd4 28. a4 Qe2+ 29. Kg1 Nf3+ 30. Kh1 Qh2# {ScoupeLuca est échec et mat} 0-1

[Event "Champ FRA - Under 12"]
[Site "Europe Echecs"]
[Date "2020.07.08"]
[Round "7"]
[White "RequenaSacha"]
[Black "MekdachiMathie"]
[Result "1-0"]
[WhiteElo "1397"]
[BlackElo "999"]
[PlyCount "73"]
[EventDate "2020.??.??"]

1. e4 d5 2. exd5 Qxd5 3. Nc3 Qa5 4. d4 Nf6 5. Bd2 e6 6. Nf3 Nc6 7. Bc4 Bb4 8.
a3 Bxc3 9. Bxc3 Qb6 10. O-O O-O 11. Rb1 Na5 12. Qd3 Nxc4 13. Qxc4 Bd7 14. Qb4
Qxb4 15. Bxb4 Rfd8 16. Be7 Re8 17. Bxf6 gxf6 18. c3 Bb5 19. Rfe1 Bd3 20. Rbd1
Bc2 21. Rd2 Bg6 22. Nh4 e5 23. Nxg6 fxg6 24. dxe5 fxe5 25. Rde2 Rad8 26. f3 Rd5
27. Kf2 c5 28. c4 Rd4 29. b3 Rd3 30. Re3 Rd2+ 31. R1e2 Rxe2+ 32. Rxe2 Kf7 33.
Rd2 Kf6 34. Ke3 Re7 35. Rd6+ Kf5 36. h4 b6 37. g4# {MekdachiMathie est échec
et mat} 1-0

[Event "Champ FRA - Under 12"]
[Site "Europe Echecs"]
[Date "2020.07.08"]
[Round "7"]
[White "SabeFlavio"]
[Black "TallecHadrien"]
[Result "1/2-1/2"]
[WhiteElo "1259"]
[BlackElo "1587"]
[PlyCount "132"]
[EventDate "2020.??.??"]

1. d4 d5 2. Nc3 Nf6 3. Bf4 c6 4. e3 Bf5 5. f3 e6 6. h4 h6 7. g4 Bh7 8. Bd3 Bxd3
9. Qxd3 Nbd7 10. O-O-O Qb6 11. Nge2 O-O-O 12. g5 hxg5 13. hxg5 Rxh1 14. Rxh1
Ne8 15. Rh7 c5 16. Na4 Qb4 17. Nac3 f6 18. dxc5 Nxc5 19. Qb5 Qxb5 20. Nxb5 e5
21. Bg3 a6 22. Nbc3 d4 23. exd4 exd4 24. Ne4 Nxe4 25. fxe4 fxg5 26. Rh5 Be7 27.
Rh8 Nf6 28. Rxd8+ Kxd8 29. e5 Ne4 30. Bh2 Bc5 31. a3 Kd7 32. Bg1 Ke6 33. b4 Bb6
34. Nxd4+ Kxe5 35. Nf3+ Kf4 36. Nxg5 Bxg1 37. Nh3+ Ke3 38. Nxg1 Ng5 39. Kd1 Kf2
40. Ne2 Nf3 41. Nf4 g5 42. Nh3+ Kg3 43. Nxg5 Nxg5 44. Kd2 Kf4 45. Kc3 Ke5 46.
Kc4 Kd6 47. c3 Ne4 48. Kb3 Kc6 49. a4 b5 50. a5 Kd5 51. Kc2 Nf2 52. Kd2 Kc4 53.
Ke3 Nd1+ 54. Kd2 Nxc3 55. Kc2 Kxb4 56. Kb2 Na4+ 57. Ka2 Kxa5 58. Ka3 b4+ 59.
Kb3 Kb5 60. Ka2 Nc3+ 61. Kb3 a5 62. Kb2 a4 63. Kc2 Kc4 64. Kb2 a3+ 65. Kc2 b3+
66. Kc1 Kd3 {Nulle par pat} 1/2-1/2

[Event "Champ FRA - Under 12"]
[Site "Europe Echecs"]
[Date "2020.07.08"]
[Round "7"]
[White "CastagnerolThi"]
[Black "ParalieuMaxime"]
[Result "0-1"]
[WhiteElo "1165"]
[BlackElo "1569"]
[PlyCount "34"]
[EventDate "2020.??.??"]

1. e4 e5 2. Nc3 Nf6 3. d3 Nc6 4. Nf3 h6 5. Be2 d6 6. O-O Be7 7. Be3 O-O 8. h3
Be6 9. a3 d5 10. exd5 Nxd5 11. Nxd5 Bxd5 12. c3 Qd7 13. d4 exd4 14. Nxd4 Nxd4
15. Qxd4 Bd6 16. Kh1 Qxh3+ 17. Kg1 Qxg2# {CastagnerolThi est échec et mat} 0-1